000 00402nam a2200181Ia 4500
005 20240823050743.0
008 240823s9999||||xx |||||||||||||| ||und||
041 _aENGLISH
082 _A539 N5
100 _aMurugesan R
245 0 _aModern Physics
250 _a4th-Re
260 _c1995
_b"S Chand,New Delhi"
500 _aYES
650 _aPhysics
_bPhysics
942 _cBK
999 _c217976
_d217976